000 00400 a2200145 4500
001 169261
020 _a
040 _cMagnum
100 _aGonzalez Fernandez, Fidel
240 1 0 _aDeportes escolares: educacion fisica en secundaria y bachillerato
_lpor
245 1 0 _aDeportes escolares: educacion fisica en secundaria y bachillerato
362 0 _a1899
697 _aEDUCACAO FISICA
942 _cBK
999 _c169261
_d169261